Cestovní ruch v ekonomice EU se zaměřením na období hospodářské krize

Zhodnotenie významu cestovného ruchu v ekonomike Európskej únie. Vplyv cestovného ruchu na HDP a zamestnanosť.

Saved in:
Bibliographic Details
Main Author: Vošta, Milan
Format: Book Chapter
Language:Czech
Subjects:
Tags: Add Tag
No Tags, Be the first to tag this record!

MARC

LEADER 00000naa a2200000 4500
001 0161817
005 20231204125432.1
041 0 |a cze 
044 |a CZ 
245 1 0 |a Cestovní ruch v ekonomice EU se zaměřením na období hospodářské krize  |c Milan Vošta 
520 |a Zhodnotenie významu cestovného ruchu v ekonomike Európskej únie. Vplyv cestovného ruchu na HDP a zamestnanosť. 
610 2 0 |a Európska únia 
610 2 0 |a kríza hospodárska 
610 2 0 |a produkt domáci hrubý 
610 2 0 |a zamestnanosť 
610 2 0 |a ruch cestovný 
100 1 |a Vošta, Milan